|
|
|
|
| LEADER |
04873nam a2200553 4500 |
| 001 |
978-3-540-46691-8 |
| 003 |
DE-He213 |
| 005 |
20191024213708.0 |
| 007 |
cr nn 008mamaa |
| 008 |
121227s1999 gw | s |||| 0|eng d |
| 020 |
|
|
|a 9783540466918
|9 978-3-540-46691-8
|
| 024 |
7 |
|
|a 10.1007/3-540-46691-6
|2 doi
|
| 040 |
|
|
|d GrThAP
|
| 050 |
|
4 |
|a QA75.5-76.95
|
| 050 |
|
4 |
|a QA76.63
|
| 072 |
|
7 |
|a UY
|2 bicssc
|
| 072 |
|
7 |
|a COM014000
|2 bisacsh
|
| 072 |
|
7 |
|a UY
|2 thema
|
| 072 |
|
7 |
|a UYA
|2 thema
|
| 082 |
0 |
4 |
|a 004.0151
|2 23
|
| 245 |
1 |
0 |
|a Foundations of Software Technology and Theoretical Computer Science
|h [electronic resource] :
|b 19th Conference, Chennai, India, December 13-15, 1999 Proceedings /
|c edited by C. Pandu Rangan, V. Raman, R. Ramanujam.
|
| 250 |
|
|
|a 1st ed. 1999.
|
| 264 |
|
1 |
|a Berlin, Heidelberg :
|b Springer Berlin Heidelberg :
|b Imprint: Springer,
|c 1999.
|
| 300 |
|
|
|a XII, 460 p.
|b online resource.
|
| 336 |
|
|
|a text
|b txt
|2 rdacontent
|
| 337 |
|
|
|a computer
|b c
|2 rdamedia
|
| 338 |
|
|
|a online resource
|b cr
|2 rdacarrier
|
| 347 |
|
|
|a text file
|b PDF
|2 rda
|
| 490 |
1 |
|
|a Lecture Notes in Computer Science,
|x 0302-9743 ;
|v 1738
|
| 505 |
0 |
|
|a Invited Talk 1 -- Recent Developments in the Theory of Arrangements of Surfaces -- Session 1(a) -- Dynamic Compressed Hyperoctrees with Application to the N-body Problem -- Largest Empty Rectangle among a Point Set -- Session 1(b) -- Renaming Is Necessary in Timed Regular Expressions -- Product Interval Automata: A Subclass of Timed Automata -- Session 2(a) -- The Complexity of Rebalancing a Binary Search Tree -- Fast Allocation and Deallocation with an Improved Buddy System -- Session 2(b) -- Optimal Bounds for Transformations of ?-Automata -- CTL+ Is Exponentially More Succinct than CTL -- Invited Talk 2 -- A Top-Down Look at a Secure Message -- Session 3 -- Explaining Updates by Minimal Sums -- A Foundation for Hybrid Knowledge Bases -- Session 4 -- Hoare Logic for Mutual Recursion and Local Variables -- Invited Talk 3 -- Explicit Substitutions and Programming Languages -- Session 5(a) -- Approximation Algorithms for Routing and Call Scheduling in All-Optical Chains and Rings -- A Randomized Algorithm for Flow Shop Scheduling -- Session 5(b) -- Synthesizing Distributed Transition Systems from Global Specifications -- Beyond Region Graphs: Symbolic Forward Analysis of Timed Automata -- Session 6 -- Implicit Temporal Query Languages: Towards Completeness -- On the Undecidability of Some Sub-classical First-Order Logics -- Invited Talk 4 -- How to Compute with DNA -- Session 7(a) -- A High Girth Graph Construction and a Lower Bound for Hitting Set Size for Combinatorial Rectangles -- Protecting Facets in Layered Manufacturing -- Session 7(b) -- The Receptive Distributed ?-Calculus -- Series and Parallel Operations on Pomsets -- Session 8 -- Unreliable Failure Detectors with Limited Scope Accuracy and an Application to Consensus -- Invited Talk 5 -- Graph Isomorphism: Its Complexity and Algorithms -- Session 9(a) -- Computing with Restricted Nondeterminism: The Dependence of the OBDD Size on the Number of Nondeterministic Variables -- Lower Bounds for Linear Transformed OBDDs and FBDDs -- Session 9(b) -- A Unifying Framework for Model Checking Labeled Kripke Structures, Modal Transition Systems, and Interval Transition Systems -- Graded Modalities and Resource Bisimulation -- Session 10(a) -- The Non-recursive Power of Erroneous Computation -- Analysis of Quantum Functions -- Session 10(b) -- On Sets Growing Continuously -- Model Checking Knowledge and Time in Systems with Perfect Recall -- FST&TCS - ISAAC Joint Session Talks -- The Engineering of Some Bipartite Matching Programs.
|
| 650 |
|
0 |
|a Computers.
|
| 650 |
|
0 |
|a Software engineering.
|
| 650 |
|
0 |
|a Computer science-Mathematics.
|
| 650 |
1 |
4 |
|a Theory of Computation.
|0 http://scigraph.springernature.com/things/product-market-codes/I16005
|
| 650 |
2 |
4 |
|a Software Engineering/Programming and Operating Systems.
|0 http://scigraph.springernature.com/things/product-market-codes/I14002
|
| 650 |
2 |
4 |
|a Discrete Mathematics in Computer Science.
|0 http://scigraph.springernature.com/things/product-market-codes/I17028
|
| 700 |
1 |
|
|a Pandu Rangan, C.
|e editor.
|4 edt
|4 http://id.loc.gov/vocabulary/relators/edt
|
| 700 |
1 |
|
|a Raman, V.
|e editor.
|4 edt
|4 http://id.loc.gov/vocabulary/relators/edt
|
| 700 |
1 |
|
|a Ramanujam, R.
|e editor.
|4 edt
|4 http://id.loc.gov/vocabulary/relators/edt
|
| 710 |
2 |
|
|a SpringerLink (Online service)
|
| 773 |
0 |
|
|t Springer eBooks
|
| 776 |
0 |
8 |
|i Printed edition:
|z 9783662191729
|
| 776 |
0 |
8 |
|i Printed edition:
|z 9783540668367
|
| 830 |
|
0 |
|a Lecture Notes in Computer Science,
|x 0302-9743 ;
|v 1738
|
| 856 |
4 |
0 |
|u https://doi.org/10.1007/3-540-46691-6
|z Full Text via HEAL-Link
|
| 912 |
|
|
|a ZDB-2-SCS
|
| 912 |
|
|
|a ZDB-2-LNC
|
| 912 |
|
|
|a ZDB-2-BAE
|
| 950 |
|
|
|a Computer Science (Springer-11645)
|